Modern graph theory / (Record no. 28848)
[ view plain ]
| 000 -LEADER | |
|---|---|
| fixed length control field | 00518 a2200169 4500 |
| 020 ## - INTERNATIONAL STANDARD BOOK NUMBER | |
| International Standard Book Number | 0387984887 |
| 020 ## - INTERNATIONAL STANDARD BOOK NUMBER | |
| International Standard Book Number | 9780387984889 |
| 082 04 - DEWEY DECIMAL CLASSIFICATION NUMBER | |
| Classification number | 511.5 |
| 090 ## - LOCALLY ASSIGNED LC-TYPE CALL NUMBER (OCLC); LOCAL CALL NUMBER (RLIN) | |
| -- | 211 |
| -- | 211 |
| 100 1# - MAIN ENTRY--PERSONAL NAME | |
| Personal name | Bollobas, Bela. |
| 245 10 - TITLE STATEMENT | |
| Title | Modern graph theory / |
| Statement of responsibility, etc. | Bela Bollobas. |
| 250 ## - EDITION STATEMENT | |
| Edition statement | Corrected ed. |
| 260 ## - PUBLICATION, DISTRIBUTION, ETC. | |
| Place of publication, distribution, etc. | [S.l.] : |
| Name of publisher, distributor, etc. | Springer, |
| Date of publication, distribution, etc. | 1998. |
| 300 ## - PHYSICAL DESCRIPTION | |
| Extent | 408 p. ; |
| Dimensions | 24 cm. |
| 942 ## - ADDED ENTRY ELEMENTS (KOHA) | |
| Institution code [OBSOLETE] | SNS |
| Koha item type | Book |
| Call number prefix | 515.5 BOL |
| Withdrawn status | Lost status | Damaged status | Not for loan | Permanent Location | Current Location | Date acquired | Total Checkouts | Total Renewals | Full call number | Barcode | Date last seen | Date last checked out | Price effective from | Koha item type |
|---|---|---|---|---|---|---|---|---|---|---|---|---|---|---|
| School of Natural Sciences (SNS) | School of Natural Sciences (SNS) | 05/26/2016 | 1 | 1 | 515.5 BOL | SNS0000117 | 08/29/2019 | 09/16/2018 | 05/26/2016 | Book |
